000 00496nam a2200181Ia 4500
005 20250508154540.0
008 008 250505s9999 xx 000 0 eng d
037 _aTextual
040 _aFEDL
_beng
_cFEDL
041 _aeng
_2eng
084 _aB, GAN
_qFEDL
100 _aBhattacharyya S N
_9134653
245 0 _aMahatma Gandhi: The journalist
260 _aBombay, India
_bAsia Publishing House
_c1965
300 _ax,195p
942 _cTEXL
_hB, GAN
999 _c1350853
_d1350853